00834nam a2200241Ia 4500003000900000008004100009040001300050040001300063041000800076100001400084245006700098250000900165260001200174260000900186300001000195490002600205490000600231600013500237700001500372942000700387999001300394952018500407IT-RoPAU120407s9999 xx 000 0 und d aIT-RoPAU cIT-RoPAU aita aF. Adorno aStoria della Filosofia. Con testi e letture critiche. 3a. ed.  aRoma aLaterza c1974 c21 cm aCollezione scolastica v3 a"1° vol. A cura di F. Adorno, 547 p. 2° vol. A cura di T. Gregory. 515 p. 3° vol. A cura di V. Verra. 626 p." aT. Gregory cBK c348d348 00102ddc406109_33000000000000071aPAULUSbPAULUSd2012-04-11l0o109.33r2012-04-11 00:00:00w2012-04-11yBKzInserito da: Anna In data: n.d. fondo: Via A.Severo 56 Progr:33702